书目信息 |
| 题名: |
气象灾害风险评估技术指南
|
|
| 作者: | 姜彤 , 王艳君 , 翟建青 主编 | |
| 分册: | ||
| 出版信息: | 北京 气象出版社 2019.12 |
|
| 页数: | 298页 | |
| 开本: | 26cm | |
| 丛书名: | ||
| 单 册: | ||
| 中图分类: | P429 | |
| 科图分类: | ||
| 主题词: | 气象灾害--风险评价--技术 | |
| 电子资源: | ||
| ISBN: | 978-7-5029-6820-5 | |
| 000 | 01346nam0 2200277 45 | |
| 001 | 012001000832 | |
| 005 | 20130912083955.0 | |
| 010 | @a978-7-5029-6820-5@dCNY190.00 | |
| 100 | @a20190115d2018 em y0chiy50 ea | |
| 101 | 0 | @achi |
| 102 | @aCN@b110000 | |
| 105 | @aa z 000yy | |
| 106 | @ar | |
| 200 | 1 | @a气象灾害风险评估技术指南@Aqi xiang zai hai feng xian ping gu ji shu zhi nan@b专著@f姜彤,王艳君,翟建青主编 |
| 210 | @a北京@c气象出版社@d2019.12 | |
| 215 | @a298页@c彩图@d26cm | |
| 300 | @a“十三五”国家重点出版物出版规划项目 | |
| 300 | @a国家重点基础研究发展计划项目(973计划)“全球气候变化对气候灾害的影响及区域适应研究” 中国气象局气候变化专项“气候变化影响评估培训和气象灾害风险评估方法指南编写” 中国气象局气候变化专项“气候变化综合影响评估” 中国气象局精细化暴雨灾害风险普查项目资助 | |
| 330 | @a本书注重实际业务应用,根据气象灾害风险形成机理,详细分析和阐释了致灾因子、暴露度和脆弱性在风险识别、计算、评估和区划中的意义及具体处理方法与技术。在每一种气象灾害风险评估技术介绍后均附有评估案例,用具体应用实例进行介绍和讨论,使读者对各种评估技术的应用有更为深刻的理解。 | |
| 606 | 0 | @a气象灾害@x风险评价@x技术 |
| 690 | @aP429@v5 | |
| 701 | 0 | @a姜彤@Ajiang tong@4主编 |
| 701 | 0 | @a王艳君@Awang yan jun@4主编 |
| 701 | 0 | @a翟建青@Azhai jian qing@4主编 |
| 801 | 0 | @aCN@bBJSDL@c20211011 |
| 905 | @b1335986-9@dP429@e177@f4 | |
| 气象灾害风险评估技术指南/姜彤,王艳君,翟建青主编.-北京:气象出版社,2019.12 |
| 298页:彩图;26cm |
| “十三五”国家重点出版物出版规划项目.-国家重点基础研究发展计划项目(973计划)“全球气候变化对气候灾害的影响及区域适应研究” 中国气象局气候变化专项“气候变化影响评估培训和气象灾害风险评估方法指南编写” 中国气象局气候变化专项“气候变化综合影响评估” 中国气象局精细化暴雨灾害风险普查项目资助 |
| ISBN 978-7-5029-6820-5:CNY190.00 |
| 本书注重实际业务应用,根据气象灾害风险形成机理,详细分析和阐释了致灾因子、暴露度和脆弱性在风险识别、计算、评估和区划中的意义及具体处理方法与技术。在每一种气象灾害风险评估技术介绍后均附有评估案例,用具体应用实例进行介绍和讨论,使读者对各种评估技术的应用有更为深刻的理解。 |
| ● |
| 相关链接 |
|
|
|
|
正题名:气象灾害风险评估技术指南
索取号:P429/177
 
预约/预借
| 序号 | 登录号 | 条形码 | 馆藏地/架位号 | 状态 | 备注 |
| 1 | 1335986 | 213359863 | 第二样本阅览室/ [索取号:P429/177] | 在馆 | |
| 2 | 1335987 | 213359872 | 第三借阅区/ [索取号:P429/177] | 在馆 | |
| 3 | 1335988 | 213359881 | 第三借阅区/ [索取号:P429/177] | 在馆 | |
| 4 | 1335989 | 213359890 | 第三借阅区/ [索取号:P429/177] | 在馆 |